Shyamal Dutta Ray (Record no. 235021)

MARC details
000 -LEADER
fixed length control field 00277pam a2200121 a 4500
020 ## - INTERNATIONAL STANDARD BOOK NUMBER
Terms of availability
041 ## - LANGUAGE CODE
Language code of original
082 ## - DEWEY DECIMAL CLASSIFICATION NUMBER
Classification number 708
Item number RAY
245 ## - TITLE STATEMENT
Title Shyamal Dutta Ray
Remainder of title Shyamal Dutta Ray
Medium Textual Documents
250 ## - EDITION STATEMENT
Edition statement 2001.
260 ## - PUBLICATION, DISTRIBUTION, ETC.
Place of publication, distribution, etc. [s.l]:
Name of publisher, distributor, etc. Vadhera Art Gallery
930 ## - EQUIVALENCE OR CROSS-REFERENCE-UNIFORM TITLE HEADING [LOCAL, CANADA]
Uniform title 1231
Holdings
Withdrawn status Lost status Damaged status Not for loan Collection Home library Current library Date acquired Source of acquisition Cost, normal purchase price Total Checkouts Full call number Barcode Date last seen Date last checked out Copy number Price effective from Koha item type
          College of Fine Arts, Pune College of Fine Arts, Pune 12/09/2004 NGMA (M) Activities,Mumbai 250.00 1 708 RAY FAP-1231 01/07/2024 27/06/2024 1 07/03/2023 Book